00491 2200181 4500001002100000005001500021035002000036008004100056245005800097100001700155260002700172300001300199020001900212084001700231082001100248650002600259990002400285INLIS00000000000060120231115024904 a0010-0823000601231115 0 ind 1 aMuhammad Sketsa Biografi Intelektual Nabi Akhir Zaman aRidwan Saidi aDepok :bMushaf,c2006 a114 hlm. a979-3731-08-01 a2x9.12 RID m a2x9.12 4aSejarah Nabi Muhammad a0028/STITINKA/01/23